<?xml version="1.0" encoding="UTF-8"?><?xml-stylesheet type="text/xsl" href="static/style.xsl"?><OAI-PMH xmlns="http://www.openarchives.org/OAI/2.0/" xmlns:xsi="http://www.w3.org/2001/XMLSchema-instance" xsi:schemaLocation="http://www.openarchives.org/OAI/2.0/ http://www.openarchives.org/OAI/2.0/OAI-PMH.xsd"><responseDate>2026-06-30T03:14:25Z</responseDate><request verb="GetRecord" identifier="oai:docta.ucm.es:20.500.14352/116842" metadataPrefix="marc">https://docta.ucm.es/rest/oai/request</request><GetRecord><record><header><identifier>oai:docta.ucm.es:20.500.14352/116842</identifier><datestamp>2025-03-18T15:29:10Z</datestamp><setSpec>com_20.500.14352_14</setSpec><setSpec>col_20.500.14352_15</setSpec></header><metadata><record xmlns="http://www.loc.gov/MARC21/slim" xmlns:dcterms="http://purl.org/dc/terms/" xmlns:xsi="http://www.w3.org/2001/XMLSchema-instance" xmlns:doc="http://www.lyncode.com/xoai" xsi:schemaLocation="http://www.loc.gov/MARC21/slim http://www.loc.gov/standards/marcxml/schema/MARC21slim.xsd">
   <leader>00925njm 22002777a 4500</leader>
   <datafield ind2=" " ind1=" " tag="042">
      <subfield code="a">dc</subfield>
   </datafield>
   <datafield ind2=" " ind1=" " tag="720">
      <subfield code="a">Lozano Estevan, María Del Carmen</subfield>
      <subfield code="e">author</subfield>
   </datafield>
   <datafield ind2=" " ind1=" " tag="720">
      <subfield code="a">González Rodríguez, Liliana Guadalupe</subfield>
      <subfield code="e">author</subfield>
   </datafield>
   <datafield ind2=" " ind1=" " tag="720">
      <subfield code="a">Cuadrado Soto, Esther</subfield>
      <subfield code="e">author</subfield>
   </datafield>
   <datafield ind2=" " ind1=" " tag="720">
      <subfield code="a">Bermejo López, Laura María</subfield>
      <subfield code="e">author</subfield>
   </datafield>
   <datafield ind2=" " ind1=" " tag="720">
      <subfield code="a">Salas González, María Dolores</subfield>
      <subfield code="e">author</subfield>
   </datafield>
   <datafield ind2=" " ind1=" " tag="260">
      <subfield code="c">2023</subfield>
   </datafield>
   <datafield ind2=" " ind1=" " tag="520">
      <subfield code="a">Introducción: la disfagia se clasifica dentro de los “síntomas y signos que involucran el sistema digestivo y el abdomen” en la Clasificación Internacional de Enfermedades (CIE-10, código R13). Dicho síntoma se produce en la región de la faringe, el esternón o el xifoides como resultado de la obstrucción del paso de alimentos de la boca al estómago o al cardias, y se ha convertido en una de las causas más importantes que afecta a la ingesta adecuada de energía y nutrientes. Un abordaje dietético y nutricional óptimo desempeña un papel crucial en el manejo de la disfagia. El objetivo principal de dicho abordaje es garantizar una alimentación segura y suficiente para prevenir la desnutrición y las complicaciones asociadas a la disfagia. Objetivos: establecer un protocolo de actuación para realizar, de forma eficaz, el abordaje dietético y nutricional en pacientes con disfagia en base a la evidencia científica existente. Métodos: se llevó a cabo una revisión de la literatura científica sobre el abordaje dietético-nutricional de la disfagia. Resultados: el abordaje dietético y nutricional en pacientes con disfagia requiere un enfoque multidisciplinar y  personalizado, y es fundamental para mejorar la calidad de vida de los pacientes con disfagia. A través de la implementación del protocolo de actuación basado en la evidencia, se puede garantizar: prevenir la aspiración y asegurar una deglución segura, y modificación de texturas de los diferentes alimentos (promoviendo de esta forma la ingesta adecuada de nutrientes y líquidos para evitar la desnutrición y la deshidratación). Conclusión: un manejo adecuado y protocolizado, desde el punto de vista dietético y nutricional, puede llegar a tener un impacto significativo en la calidad de vida de los pacientes, mejorando su bienestar y previniendo complicaciones asociadas a esta condición.</subfield>
   </datafield>
   <datafield ind2=" " ind1=" " tag="520">
      <subfield code="a">Introduction: dysphagia is classified under “symptoms and signs involving the digestive system and abdomen” in the International Classification of Diseases (ICD-10, code R13). It is defined as obstruction in the region of the pharynx, sternum or xiphoid because of obstruction of the passage of food from the mouth to the stomach or cardia, and has become one of the most important causes affecting the adequate intake of energy and nutrients. An optimal dietary and nutritional approach plays a crucial role in the management of dysphagia. The main goal of such an approach is to ensure safe and sufficient nutrition to prevent malnutrition and complications associated with dysphagia. Objectives: to establish an action protocol for an effective dietary and nutritional approach in patients with dysphagia based on the existing scientific evidence. Methods: a review of the scientific literature on the dietary-nutritional approach to dysphagia was carried out. Results: the dietary and nutritional approach in patients with dysphagia requires a multidisciplinary and personalized approach and is essential to 
improve the quality of life of patients with dysphagia. Through the implementation of an evidence-based action protocol, it is possible to guarantee preventing aspiration and ensuring safe swallowing and modification of textures of different foods (thus promoting adequate intake of nutrients and fluids to avoid malnutrition and dehydration). Conclusion: adequate and protocolized management, from a dietary and nutritional point of view, can have a significant impact on the quality of life of patients, improving their well-being and preventing complications associated with this condition.</subfield>
   </datafield>
   <datafield ind1="8" ind2=" " tag="024">
      <subfield code="a">Lozano-Estevan MC, González-Rodríguez LG, Cuadrado-Soto E, Bermejo LM, Salas-González MD. Protocolo de actuación en el abordaje dietético y nutricional en pacientes con disfagia. Nutr Hosp 2023;40(N.º Extra 2):55-61</subfield>
   </datafield>
   <datafield ind1="8" ind2=" " tag="024">
      <subfield code="a">10.20960/nh.04957</subfield>
   </datafield>
   <datafield ind1="8" ind2=" " tag="024">
      <subfield code="a">https://hdl.handle.net/20.500.14352/116842</subfield>
   </datafield>
   <datafield ind1="8" ind2=" " tag="024">
      <subfield code="a">http://dx.doi.org/10.20960/nh.04957</subfield>
   </datafield>
   <datafield ind2="0" ind1="0" tag="245">
      <subfield code="a">Protocol of action in the dietary and nutritional approach in patients with dysphagia</subfield>
   </datafield>
</record></metadata></record></GetRecord></OAI-PMH>